Meteorologický slovník výkladový terminologický s cizojazyčnými názvy hesel ve slovenštině, angličtině, němčině, francouzštině a rustině

Gespeichert in:
Bibliographische Detailangaben
Format: Buch
Sprache:Tschechisch
Veröffentlicht: Praha : Ministerstvo životního prostředí ČR, 1993
Ausgabe:1.vyd.
Schlagworte:
Tags: Tag hinzufügen
Keine Tags, Fügen Sie das erste Tag hinzu!

MARC

LEADER 00000nam a22000003a 4500
001 stu45049
005 20150408180357.2
008 951030s1993----cs------------------cze-d
020 |a 80-85368-45-5 
040 |a STU  |b slo 
041 0 |a cze 
044 |a cs 
080 |a 551.5(038) 
245 |a Meteorologický slovník výkladový terminologický s cizojazyčnými názvy hesel ve slovenštině, angličtině, němčině, francouzštině a rustině 
250 |a 1.vyd. 
260 |a Praha :  |b Ministerstvo životního prostředí ČR,  |c 1993 
300 |a 594 s 
650 7 |a meteorológia  |2 stusub 
650 7 |a slovníky terminologické  |2 stusub 
996 |b 284M034519  |c M*9287-1  |l MMST  |s A  |a 24  |w stu45049_0001